|
|
|
|
| LEADER |
00000naa a2200000 a 4500 |
| 001 |
vtls011849248 |
| 003 |
SK-MaSNL |
| 005 |
20260302134006.0 |
| 008 |
210910|2014 xo |||||||||||||||||slo| |
| 015 |
|
|
|a SNBCL
|
| 035 |
|
|
|a (urnnbn)urn:nbn:sk:snk:ar-a0aqmw
|
| 035 |
|
|
|a urn:nbn:sk:snk-aaw4o9
|
| 035 |
|
|
|a (uuid)d6031a6c-2b02-402b-ab18-e4ac6b315667
|
| 040 |
|
|
|a SNKBUCL
|b slo
|c SNKBUCL
|e AACR2
|
| 041 |
|
|
|a slo
|
| 044 |
|
|
|a xo
|c SK
|
| 100 |
1 |
|
|a Gemeiner, Pavol
|4 aut
|9 434470
|
| 245 |
1 |
0 |
|a Vplyv reologického činidla na sieťotlačové TiO2 pasty pre fotoanódu farbivom senzibilizovaných solárnych článkov
|c Pavol Gemeiner, Milan Mikula
|
| 336 |
|
|
|a text
|b txt
|c rdacontent
|
| 337 |
|
|
|a bez média
|b n
|c rdamedia
|
| 338 |
|
|
|a zväzok
|b nc
|c rdacarrier
|
| 655 |
|
7 |
|a články zo zborníkov
|2 snkbucl
|9 166140
|
| 700 |
1 |
|
|a Mikula, Milan
|4 aut
|9 11560
|
| 773 |
0 |
|
|t Wood, Pulp & Paper. Polygrafia Academica 2014
|d Bratislava : Slovenská chemická knižnica FCHPT STU, 2014
|g S. 123-128
|z 9788089597161
|
| 958 |
|
|
|a OND
|
| 958 |
|
|
|a article26
|
| 958 |
|
|
|a chapter
|
| 999 |
|
|
|c 1319521
|d 1321451
|